[Event "Olomouc Seniors op"]
[Site "Olomouc"]
[Date "2022.08.19"]
[Round "8"]
[White "Gurtovoi, Borys"]
[Black "Fiala, Jiri"]
[Result "1/2-1/2"]
[WhiteElo "1701"]
[BlackElo "1853"]
[PlyCount "44"]
[EventDate "2022.08.13"]
[EventType "swiss"]
[EventRounds "9"]
[EventCountry "CZE"]
[SourceTitle "CBM 209 Extra"]
[Source "ChessBase"]
[SourceDate "2022.09.30"]
[SourceVersion "1"]
[SourceVersionDate "2022.09.30"]
[SourceQuality "1"]

1. e3 e5 2. c4 Nf6 3. Nc3 Bb4 4. Nd5 Bc5 5. a3 a5 6. d4 Nxd5 7. cxd5 exd4 8. exd4 Be7 9. Bf4 0-0 10. Bd3 Bf6 11. Ne2 d6 12. Qc2 g6 13. h3 Na6 14. 0-0 Bd7 15. Be3 c6 16. Qb3 Rb8 17. Bf4 Be8 18. Bh6 Bg7 19. Bxg7 Kxg7 20. Rac1 Nc7 21. dxc6 Bxc6 22. Ng3 Nd5 1/2-1/2

[Event "Olomouc Seniors op"]
[Site "Olomouc"]
[Date "2022.08.13"]
[Round "1"]
[White "Pospisil, Evzen"]
[Black "Gurtovoi, Borys"]
[Result "1/2-1/2"]
[WhiteElo "2045"]
[BlackElo "1701"]
[PlyCount "113"]
[EventDate "2022.08.13"]
[EventType "swiss"]
[EventRounds "9"]
[EventCountry "CZE"]
[SourceTitle "CBM 209 Extra"]
[Source "ChessBase"]
[SourceDate "2022.09.30"]
[SourceVersion "1"]
[SourceVersionDate "2022.09.30"]
[SourceQuality "1"]

1. d4 d5 2. Nf3 Nf6 3. c4 c6 4. Nc3 e6 5. e3 Be7 6. Bd3 dxc4 7. Bxc4 0-0 8. 0-0 c5 9. Qe2 a6 10. a4 Nc6 11. Rd1 Qb6 12. Ne5 Rd8 13. Nxc6 Qxc6 14. a5 b5 15. axb6 Bb7 16. f3 cxd4 17. exd4 Qxb6 18. Be3 Nd5 19. Nxd5 Bxd5 20. b3 Bf6 21. Qf2 a5 22. Qd2 Qb4 23. Qxb4 axb4 24. Bxd5 exd5 25. Rdc1 Ra3 26. Rab1 Re8 27. Bf2 Ra2 28. Ra1 Rb2 29. Rab1 Rd2 30. Rd1 Ree2 31. Re1 g6 32. Rxe2 Rxe2 33. Kf1 Rd2 34. Be3 Rd3 35. Ke2 Rc3 36. Rb2 Rc8 37. Ra2 Kg7 38. Kd2 Rc3 39. Rb2 Bd8 40. Ke2 Bf6 41. Bd2 Rc8 42. Bxb4 Bxd4 43. Rd2 Bc3 44. Bxc3+ Rxc3 45. Rd3 Rc2+ 46. Rd2 Rc3 47. Rb2 Kf6 48. Kd2 Rc5 49. Kd3 Ke5 50. Re2+ Kd6 51. Kd4 Rc1 52. Rb2 Rd1+ 53. Kc3 Kc5 54. Re2 d4+ 55. Kc2 Ra1 56. Kb2 Rd1 57. Kc2 1/2-1/2

[Event "WchT Seniors 65"]
[Site "Prague"]
[Date "2020.03.07"]
[Round "2.18"]
[White "Gurtovoi, Borys"]
[Black "Vanka, Miloslav"]
[Result "0-1"]
[WhiteElo "1704"]
[BlackElo "2125"]
[PlyCount "88"]
[EventDate "2020.03.06"]
[EventType "team-swiss"]
[EventRounds "7"]
[EventCountry "CZE"]
[SourceTitle "CBM 195 Extra"]
[Source "ChessBase"]
[SourceDate "2020.05.31"]
[SourceVersion "1"]
[SourceVersionDate "2020.05.31"]
[SourceQuality "1"]
[WhiteTeam "Ukraine 65"]
[BlackTeam "Czech Republic 65 IX"]
[WhiteTeamCountry "UKR"]
[BlackTeamCountry "CZE"]

1. Nf3 f5 2. c4 Nf6 3. g3 g6 4. Nc3 Bg7 5. Bg2 d6 6. d4 0-0 7. 0-0 c6 8. Qc2 Na6 9. a3 Qe8 10. b4 Nc7 11. Bb2 e5 12. dxe5 dxe5 13. e4 f4 14. Ne2 Nh5 15. h3 fxg3 16. fxg3 Qe7 17. c5 Bd7 18. Rad1 Rae8 19. a4 a6 20. Bc1 h6 21. Rd6 Kh7 22. Rfd1 Bc8 23. Nh4 Bf6 24. Nf3 Bg7 25. Qd2 Rf6 26. Bb2 Rf7 27. g4 Nf4 28. Nxf4 Rxf4 29. Qe3 Rf7 30. g5 h5 31. Kh2 Ref8 32. Nh4 Ne6 33. Nf5 gxf5 34. g6+ Kxg6 35. exf5+ Rxf5 36. Be4 Kh7 37. Bxf5+ Rxf5 38. Qd3 Ng5 39. Rf1 e4 40. Qe2 Rxf1 41. Qxh5+ Kg8 42. Bxg7 Nf3+ 43. Kg2 Rg1+ 44. Kf2 Rxg7 0-1

[Event "Hradec Kralove op 10th"]
[Site "Hradec Kralove"]
[Date "2019.10.26"]
[Round "1"]
[White "Gurtovoi, Borys"]
[Black "Sabuk, Piotr"]
[Result "0-1"]
[WhiteElo "1737"]
[BlackElo "2378"]
[PlyCount "64"]
[EventDate "2019.10.26"]
[EventType "swiss"]
[EventRounds "9"]
[EventCountry "CZE"]
[SourceTitle "CBM 193 Extra"]
[Source "ChessBase"]
[SourceDate "2020.01.31"]
[SourceVersion "1"]
[SourceVersionDate "2020.01.31"]
[SourceQuality "1"]

1. Nf3 d5 2. b3 c5 3. Bb2 f6 4. d4 cxd4 5. Qxd4 e5 6. Qh4 Ne7 7. g4 Nbc6 8. a3 Be6 9. Nc3 Ng6 10. Qg3 e4 11. Nd2 Bd6 12. Qg1 Qe7 13. h4 Nge5 14. g5 0-0 15. Nb5 Bc5 16. e3 Bg4 17. Be2 Bxe2 18. Kxe2 f5 19. b4 Bb6 20. Qg3 Rac8 21. Rac1 a6 22. Nc3 Rcd8 23. Na4 Bc7 24. Qh3 d4 25. Nc5 d3+ 26. cxd3 Nxd3 27. Nxd3 Rxd3 28. Rhd1 Be5 29. Bxe5 Nxe5 30. Qh2 Rfd8 31. Qf4 Qd7 32. Rc2 Qb5 0-1

[Event "Plzen op 9th"]
[Site "Plzen"]
[Date "2017.11.23"]
[Round "5"]
[White "Gurtovoi, Borys"]
[Black "Chudek, Lubomir"]
[Result "0-1"]
[WhiteElo "1891"]
[BlackElo "1731"]
[PlyCount "88"]
[EventDate "2017.11.19"]
[EventType "swiss"]
[EventRounds "7"]
[EventCountry "CZE"]
[SourceTitle "CBM 181 Extra"]
[Source "ChessBase"]
[SourceDate "2017.12.12"]
[SourceVersion "1"]
[SourceVersionDate "2017.12.12"]
[SourceQuality "1"]

1. Nf3 Nf6 2. c4 g6 3. g3 Bg7 4. Bg2 0-0 5. Nc3 c5 6. 0-0 Nc6 7. d3 a6 8. Bg5 Rb8 9. Qd2 b5 10. Bh6 bxc4 11. Bxg7 Kxg7 12. dxc4 Bb7 13. Nd5 Ne8 14. e4 d6 15. Rfe1 Kg8 16. Rad1 e5 17. Qh6 f6 18. Bh3 Ng7 19. Bg4 Nd4 20. Nxd4 cxd4 21. b3 Bxd5 22. cxd5 f5 23. exf5 Nxf5 24. Qd2 Qb6 25. Rc1 Qb5 26. Rc7 Qxd5 27. Bxf5 gxf5 28. Qh6 Rf7 29. Rec1 Rbf8 30. Rc8 Qf3 31. Rxf8+ Rxf8 32. Qd2 d3 33. b4 e4 34. a4 d5 35. b5 axb5 36. axb5 d4 37. Qa2+ Rf7 38. Qa8+ Kg7 39. Rf1 d2 40. Qa1 Qd3 41. b6 e3 42. b7 e2 43. b8Q exf1Q+ 44. Qxf1 Qxf1+ 0-1

[Event "Brno op 5th"]
[Site "Brno"]
[Date "2014.11.18"]
[Round "4"]
[White "Tsenov, Tsvetoslav"]
[Black "Gurtovoi, Borys"]
[Result "1-0"]
[WhiteElo "2150"]
[BlackElo "1919"]
[PlyCount "115"]
[EventDate "2014.11.15"]
[EventType "swiss"]
[EventRounds "9"]
[EventCountry "CZE"]
[SourceTitle "CBM 163 Extra"]
[Source "ChessBase"]
[SourceDate "2014.12.23"]
[SourceVersion "1"]
[SourceVersionDate "2014.12.23"]
[SourceQuality "1"]

1. e4 c6 2. d4 d6 3. Nc3 Qc7 4. f4 Nf6 5. Nf3 Bg4 6. Be3 Nbd7 7. Bd3 e5 8. 0-0 Be7 9. h3 Bxf3 10. Qxf3 0-0 11. g4 c5 12. dxe5 dxe5 13. g5 Ne8 14. f5 Bd8 15. Nd5 Qa5 16. Kh1 Nc7 17. Qg4 Nxd5 18. exd5 c4 19. Bxc4 Nb6 20. Bxb6 Qxb6 21. f6 g6 22. h4 h5 23. gxh6 Kh7 24. Bd3 Qd4 25. Be4 Qe3 26. Rf3 Qxh6 27. Rg1 Bb6 28. Rg2 Kh8 29. Qg5 Kh7 30. Qxh6+ Kxh6 31. h5 g5 32. Rf5 Be3 33. Rxe5 Bf4 34. Re7 Rad8 35. Bf3 Rd6 36. Rge2 Rxf6 37. Kg2 g4 38. Bxg4 Rg8 39. Kh3 Bd6 40. Re8 Rxe8 41. Rxe8 Rf2 42. Re2 Rf1 43. Kg2 Ra1 44. a3 Kg5 45. Bc8 Bc5 46. Re5+ Kf4 47. Rf5+ Ke4 48. Rxf7 Rg1+ 49. Kh2 Rg5 50. Rh7 Bd6+ 51. Kh3 Rg3+ 52. Kh4 Kf3 53. Rf7+ Bf4 54. d6 Rg8 55. Bxb7+ Ke3 56. d7 Bg3+ 57. Kh3 Bc7 58. h6 1-0

[Event "Brno op 5th"]
[Site "Brno"]
[Date "2014.11.17"]
[Round "3"]
[White "Gurtovoi, Borys"]
[Black "Tajovsky, Matej"]
[Result "1-0"]
[WhiteElo "1919"]
[BlackElo "1429"]
[PlyCount "99"]
[EventDate "2014.11.15"]
[EventType "swiss"]
[EventRounds "9"]
[EventCountry "CZE"]
[SourceTitle "CBM 163 Extra"]
[Source "ChessBase"]
[SourceDate "2014.12.23"]
[SourceVersion "1"]
[SourceVersionDate "2014.12.23"]
[SourceQuality "1"]

1. d4 d5 2. Nf3 Nf6 3. Bf4 e6 4. e3 Nbd7 5. Bd3 Be7 6. Nbd2 b6 7. Bb5 Bb7 8. Ne5 0-0 9. Nc6 Qe8 10. Bxc7 Bxc6 11. Bxc6 Rc8 12. Bxd7 Qxd7 13. Bg3 Qc6 14. c3 Qb5 15. Nb3 a5 16. Qe2 Qxe2+ 17. Kxe2 Ne4 18. Nd2 Nxg3+ 19. hxg3 b5 20. Rac1 a4 21. f4 Rc7 22. a3 Rfc8 23. g4 b4 24. axb4 Bxb4 25. Ra1 Be7 26. Rxa4 Rb7 27. Rb1 f6 28. Kd3 Kf7 29. b4 Rbc7 30. Rb3 Bd6 31. g3 e5 32. Rba3 e4+ 33. Kc2 Ke6 34. Kb2 g5 35. Ra8 Bxb4 36. R3a6+ Bd6 37. Rxc8 Rxc8 38. c4 Rb8+ 39. Kc3 Rc8 40. c5 Rd8 41. Rxd6+ Rxd6 42. cxd6 Kxd6 43. Kb4 Kc6 44. Ka5 h6 45. fxg5 fxg5 46. Nb3 Kc7 47. Kb5 Kd6 48. Kb6 Ke7 49. Kc6 Ke6 50. Nc5+ 1-0

[Event "Brno op 5th"]
[Site "Brno"]
[Date "2014.11.16"]
[Round "2"]
[White "Aleksandravicius, Darius"]
[Black "Gurtovoi, Borys"]
[Result "0-1"]
[WhiteElo "1722"]
[BlackElo "1919"]
[PlyCount "106"]
[EventDate "2014.11.15"]
[EventType "swiss"]
[EventRounds "9"]
[EventCountry "CZE"]
[SourceTitle "CBM 163 Extra"]
[Source "ChessBase"]
[SourceDate "2014.12.23"]
[SourceVersion "1"]
[SourceVersionDate "2014.12.23"]
[SourceQuality "1"]

1. Nf3 Nf6 2. c4 d5 3. cxd5 Nxd5 4. Nc3 c6 5. g3 g6 6. Bg2 Bg7 7. 0-0 0-0 8. d4 Bg4 9. e4 Nc7 10. Be3 Qc8 11. Qb3 Bxf3 12. Bxf3 Nd7 13. Rac1 e6 14. e5 Nb6 15. a4 Rd8 16. a5 Nbd5 17. Ne4 Nb5 18. Rc5 h6 19. Rfc1 a6 20. Be2 Ndc7 21. Rd1 Rd5 22. Bc4 Rd8 23. Bf1 Qd7 24. Qa4 Qe7 25. Rcc1 Nd5 26. Bd2 Kh8 27. Nc3 Ndc7 28. Nxb5 axb5 29. Qb4 Qd7 30. Be3 Bf8 31. Qd2 Kh7 32. Bg2 Nd5 33. Bxd5 Qxd5 34. b4 Qf3 35. Rb1 Rd5 36. Rb3 Qe4 37. Rd3 Rad8 38. f4 h5 39. Kf2 c5 40. bxc5 Bxc5 41. Qc3 h4 42. gxh4 Be7 43. Kg3 b4 44. Qc7 R5d7 45. Qc2 Kg7 46. h5 Rh8 47. Kf2 Rxh5 48. Kg1 Rh4 49. Qg2 Qf5 50. Kh1 Rd5 51. R3d2 Rh3 52. Bg1 Rc3 53. Rf1 Bd8 0-1

[Event "Trebic Highlands op 10th"]
[Site "Trebic"]
[Date "2014.05.23"]
[Round "8"]
[White "Stork, Rostislav"]
[Black "Gurtovoi, Borys"]
[Result "1-0"]
[WhiteElo "1812"]
[BlackElo "1935"]
[PlyCount "83"]
[EventDate "2014.05.17"]
[EventType "swiss"]
[EventRounds "9"]
[EventCountry "CZE"]
[SourceTitle "CBM 160 Extra"]
[Source "ChessBase"]
[SourceDate "2014.07.01"]
[SourceVersion "1"]
[SourceVersionDate "2014.07.01"]
[SourceQuality "1"]

1. e4 c6 2. d4 d5 3. exd5 cxd5 4. c4 Nf6 5. c5 Nc6 6. Nf3 g6 7. Be2 Bg7 8. 0-0 0-0 9. a3 Ne4 10. Be3 e5 11. Nxe5 Bxe5 12. dxe5 Nxe5 13. f3 Nf6 14. Nc3 Nc6 15. Bg5 Be6 16. Qe1 Kg7 17. Qh4 h5 18. Rad1 Qe7 19. Bxf6+ Qxf6 20. Qxf6+ Kxf6 21. Nxd5+ Bxd5 22. Rxd5 Rad8 23. Rfd1 Rfe8 24. Kf2 Rxd5 25. Rxd5 Re7 26. b4 Rc7 27. f4 Kg7 28. Bb5 Kf8 29. Bxc6 Rxc6 30. b5 Rc7 31. a4 Ke7 32. Ke3 Ke6 33. Kd4 f6 34. h3 h4 35. Rd6+ Kf5 36. c6 bxc6 37. bxc6 Rf7 38. Rd7 Rf8 39. c7 Rc8 40. Kd5 Kxf4 41. Kc6 Kg3 42. Rd2 1-0

[Event "Trebic Highlands op 10th"]
[Site "Trebic"]
[Date "2014.05.18"]
[Round "2"]
[White "Tesar, Jan"]
[Black "Gurtovoi, Borys"]
[Result "1/2-1/2"]
[WhiteElo "2084"]
[BlackElo "1935"]
[PlyCount "126"]
[EventDate "2014.05.17"]
[EventType "swiss"]
[EventRounds "9"]
[EventCountry "CZE"]
[SourceTitle "CBM 160 Extra"]
[Source "ChessBase"]
[SourceDate "2014.07.01"]
[SourceVersion "1"]
[SourceVersionDate "2014.07.01"]
[SourceQuality "1"]

1. d4 d5 2. c4 c6 3. Nf3 Nf6 4. Nc3 e6 5. Bg5 Be7 6. e3 Nbd7 7. Qc2 0-0 8. Bd3 dxc4 9. Bxc4 b5 10. Bd3 Bb7 11. Ne5 h6 12. Bh4 Rc8 13. 0-0 c5 14. Bxb5 cxd4 15. exd4 Nb6 16. Rfd1 Nbd5 17. Qb3 Ba8 18. Nxd5 Nxd5 19. Bg3 Bd6 20. Rac1 Rxc1 21. Rxc1 Bxe5 22. Bxe5 Qg5 23. Rc2 f6 24. Bg3 Nf4 25. Bf1 Bd5 26. Qa3 h5 27. Qxa7 Ra8 28. Qd7 Rxa2 29. Qe8+ Kh7 30. Bxf4 Qxf4 31. Qxh5+ Qh6 32. Qxh6+ Kxh6 33. f3 Ra1 34. b4 Rd1 35. Kf2 Rxd4 36. b5 Rb4 37. Bd3 g5 38. Rc7 f5 39. Ke3 Kg6 40. Kd2 Kf6 41. Kc3 Rb3+ 42. Kd4 Rb4+ 43. Kc5 Rb2 44. b6 Rxg2 45. b7 Bxb7 46. Rxb7 Rxh2 47. Kd4 Rh4+ 48. Ke3 g4 49. f4 Rh3+ 50. Ke2 Rh2+ 51. Kf1 Rd2 52. Rd7 e5 53. Rd6+ Ke7 54. fxe5 f4 55. Ke1 Rb2 56. Rg6 g3 57. Be4 Rb5 58. Rg4 Rxe5 59. Rxf4 Rg5 60. Kf1 Ke6 61. Bf3 Ke5 62. Rf8 Kd4 63. Kg2 Ke5 1/2-1/2

[Event "Trebic Highlands op 10th"]
[Site "Trebic"]
[Date "2014.05.17"]
[Round "1"]
[White "Gurtovoi, Borys"]
[Black "Glacner, Karel"]
[Result "1-0"]
[WhiteElo "1935"]
[BlackElo "1579"]
[PlyCount "79"]
[EventDate "2014.05.17"]
[EventType "swiss"]
[EventRounds "9"]
[EventCountry "CZE"]
[SourceTitle "CBM 160 Extra"]
[Source "ChessBase"]
[SourceDate "2014.07.01"]
[SourceVersion "1"]
[SourceVersionDate "2014.07.01"]
[SourceQuality "1"]

1. d4 Nf6 2. Nf3 g6 3. Bg5 Bg7 4. Bxf6 exf6 5. e3 0-0 6. h4 h5 7. Bd3 c6 8. Nbd2 d5 9. c3 Bg4 10. Qc2 a5 11. Nh2 Be6 12. g4 hxg4 13. Nhf1 f5 14. 0-0-0 a4 15. f3 Nd7 16. h5 Qg5 17. hxg6 g3 18. Nxg3 fxg6 19. Rhg1 Qxe3 20. Rde1 Qf2 21. Nh1 Qh2 22. Rxg6 Rf6 23. Rg5 Kf8 24. Reg1 Bh6 25. R5g2 Qf4 26. Kb1 b5 27. Qd1 Rb8 28. Qe2 b4 29. Ka1 a3 30. Nb3 axb2+ 31. Qxb2 Qe3 32. Qc2 Ke7 33. Ng3 Kd6 34. Nh5 Rf7 35. Rg6 Rbf8 36. cxb4 Qxf3 37. Rxh6 Qe3 38. Rgg6 Re7 39. Ng7 Qe1+ 40. Qc1 1-0

[Event "Marianske Lazne Seniors op"]
[Site "Marianske Lazne"]
[Date "2013.01.21"]
[Round "4"]
[White "Vorobyov, Yurij"]
[Black "Gurtovoi, Borys"]
[Result "1/2-1/2"]
[WhiteElo "2239"]
[BlackElo "1920"]
[PlyCount "41"]
[EventDate "2013.01.18"]
[EventType "swiss"]
[EventRounds "9"]
[EventCountry "CZE"]
[SourceTitle "EXT 2014"]
[Source "ChessBase"]
[SourceDate "2013.11.20"]
[SourceVersion "1"]
[SourceVersionDate "2013.11.20"]
[SourceQuality "1"]

1. e4 c6 2. d4 d5 3. Nc3 dxe4 4. Nxe4 Nf6 5. Nxf6+ exf6 6. Bc4 Bd6 7. Ne2 0-0 8. 0-0 Re8 9. Bf4 Qc7 10. Bxd6 Qxd6 11. c3 b5 12. Bd3 Nd7 13. Qd2 Nf8 14. Qf4 Qxf4 15. Nxf4 Ne6 16. Nxe6 fxe6 17. f3 Bd7 18. Kf2 Rac8 19. Rfe1 c5 20. dxc5 Rxc5 21. a3 1/2-1/2

[Event "Liberec op 11th"]
[Site "Liberec"]
[Date "2010.10.27"]
[Round "5"]
[White "Gurtovoi, Borys"]
[Black "Andersen, Lars Christoff"]
[Result "0-1"]
[WhiteElo "1990"]
[BlackElo "2122"]
[PlyCount "74"]
[EventDate "2010.10.23"]
[EventType "swiss"]
[EventRounds "9"]
[EventCountry "CZE"]
[SourceTitle "EXT 2011"]
[Source "ChessBase"]
[SourceDate "2010.11.26"]
[SourceVersion "1"]
[SourceVersionDate "2010.11.26"]
[SourceQuality "1"]

1. d4 d5 2. Nf3 e6 3. Bf4 c5 4. e3 Nf6 5. c3 Nc6 6. Bd3 Be7 7. Nbd2 a6 8. Ne5 Nxe5 9. Bxe5 Bd7 10. g4 Bb5 11. Bxb5+ axb5 12. dxc5 Nd7 13. Bxg7 Rg8 14. Bh6 Nxc5 15. Nb3 Ne4 16. Bf4 b4 17. cxb4 Bxb4+ 18. Kf1 Qh4 19. Bg3 Nxg3+ 20. fxg3 Qf6+ 21. Kg1 Qxb2 22. Qd3 Rxg4 23. Rb1 Qc3 24. Qxc3 Bxc3 25. Nc1 Bd2 26. Kf2 Rc4 27. Nd3 Rxa2 28. Rxb7 Re4 29. Rb2 Bxe3+ 30. Kf3 Ra3 31. Rd1 Bd4 32. Rb8+ Ke7 33. Kg2 Re2+ 34. Kh3 Raa2 35. Rb7+ Kf6 36. Rf1+ Kg5 37. Rh1 Bg1 0-1

[Event "Olomouc Seniors op"]
[Site "Olomouc"]
[Date "2009.08.11"]
[Round "7"]
[White "Gurtovoi, Borys"]
[Black "Pospisil, Ludvik"]
[Result "0-1"]
[WhiteElo "1950"]
[BlackElo "1905"]
[PlyCount "128"]
[EventDate "2009.08.06"]
[EventType "swiss"]
[EventRounds "9"]
[EventCountry "CZE"]
[SourceTitle "EXT 2012"]
[Source "ChessBase"]
[SourceDate "2011.11.24"]
[SourceVersion "1"]
[SourceVersionDate "2011.11.24"]
[SourceQuality "1"]

1. d4 d5 2. Nf3 Nf6 3. Bf4 c6 4. c3 g6 5. e3 Bg7 6. Bd3 Bg4 7. Nbd2 Nbd7 8. h3 Bxf3 9. Qxf3 0-0 10. g4 Re8 11. Qg3 Rc8 12. h4 c5 13. 0-0-0 Qb6 14. Kb1 cxd4 15. cxd4 e5 16. dxe5 Nxe5 17. Bxe5 Ne4 18. Qf3 Bxe5 19. Nb3 a5 20. Bxe4 dxe4 21. Qe2 a4 22. Nd4 Red8 23. h5 Bxd4 24. exd4 Rxd4 25. hxg6 hxg6 26. Rd2 Rcd8 27. Qe3 Qf6 28. Qc3 Qf3 29. Rh8+ Kxh8 30. Rxd4 Rxd4 31. Qxd4+ Kh7 32. g5 Qf5 33. Qe3 b5 34. Kc1 Qd5 35. a3 Qc4+ 36. Kd2 Kg7 37. Qf4 Qd4+ 38. Kc2 Qd3+ 39. Kc1 Qf1+ 40. Kc2 Qe2+ 41. Kc1 Qc4+ 42. Kd2 Qd5+ 43. Kc2 Qf5 44. Qe3 Kf8 45. Kc3 Qe5+ 46. Kc2 Ke7 47. f4 Qc7+ 48. Kb1 Qc4 49. Qb6 Qd3+ 50. Ka2 e3 51. Qf6+ Ke8 52. Qe5+ Kd7 53. f5 gxf5 54. g6 fxg6 55. Qg7+ Ke6 56. Qxg6+ Ke5 57. Qg3+ Kd5 58. Qg8+ Ke4 59. Qg2+ Ke5 60. Qg3+ Kf6 61. Qh4+ Ke6 62. Qh6+ Kd5 63. Qh1+ Kc5 64. Qb7 Qd5+ 0-1